000 00924nam a2200241 a 4500
001 000036114
005 20240412074258.0
008 111214s2011 dr 000 0 spa d
040 _aDO-SdBNP
_bspa
_cBNPHU
082 _aRD868.44
_bM828u
100 1 _aMorales López, Agustín,
_d1930-
_962149
245 1 0 _aUn botón a la luz :
_bpoesías, relato-ficción, biografía /
_cAgustín Morales López ; prólogo Roberto Santos Hernández.
260 _aSanto Domingo :
_bPrimo,
_c2011.
300 _a71 p. ;
_c18 cm.
505 0 _tPoesías --
_tRelato: Quinta espuela --
_tBiografía documentada de Gabino Alfredo Morales.
600 1 4 _aMORALES, GABINO ALFREDO,
_d1876-1963
_962150
650 0 _aPoesía dominicana
_966
650 0 _aCuentos dominicanos
_9176
650 0 _aLiteratura dominicana.
_967
700 1 2 _aSantos Hernández, Hernández,
_epról.
_962151
910 _aValidado. Control de calidad EMS
049 _aBNPD
999 _c35605
_d35605